000 00451nab a2200145Ia 4500
003 ES-SlBCS
005 20210601133827.0
008 140529s1990 xxu||||| |||| 00| 0 por d
041 _apor
100 1 _aBarretto, Vicente
_9210250
245 0 0 _aLiberalismo e Autoritarismo no Pensamento Republicano
_c Vicente Barretto
650 0 4 _aLiberalismo
_985945
773 0 _tPresença Filosofica
_gvol. 15, nº. 1-2, 1990, págs. 141-147
_wRev966
942 _cAR
999 _c602751
_d602751